Catálogo público

Recursos fitogenéticos en México para la alimentación y la agricultura : informe nacional / (Record no. 177779)

MARC details
000 -CABECERA
campo de control de longitud fija 01741nam a2200373Ia 4500
001 - NÚMERO DE CONTROL
campo de control dia_6353
003 - IDENTIFICADOR DEL NÚMERO DE CONTROL
campo de control CHAP
005 - FECHA Y HORA DE LA ÚLTIMA TRANSACCIÓN
campo de control 20231130123726.0
008 - DATOS DE LONGITUD FIJA--INFORMACIÓN GENERAL
campo de control de longitud fija 220117s2000 xx 000 0 und d
010 ## - NÚMERO DE CONTROL DE LA BIBLIOTECA DEL CONGRESO
Número de control de LC 177779
020 ## - NÚMERO INTERNACIONAL ESTÁNDAR DEL LIBRO
Número Internacional Estándar del Libro 968-800-477-4
040 ## - FUENTE DE LA CATALOGACIÓN
Centro/agencia transcriptor CHAP
082 ## - NÚMERO DE LA CLASIFICACIÓN DECIMAL DEWEY
Número de clasificación 581.15 R43 2000
110 ## - ENTRADA PRINCIPAL--NOMBRE DE ENTIDAD CORPORATIVA
Nombre de entidad corporativa o nombre de jurisdicción como elemento de entrada Servicio Nacional de Inspección y Certificación de Semillas
9 (RLIN) 105310
245 ## - MENCIÓN DE TÍTULO
Título Recursos fitogenéticos en México para la alimentación y la agricultura : informe nacional /
Mención de responsabilidad, etc. edición Porfirio Ramírez Vallejo...[et al.] ; compilación Lucía Barrios Carrada y Eduardo Jímenez Juárez
260 ## - PUBLICACIÓN, DISTRIBUCIÓN, ETC.
Lugar de publicación, distribución, etc. México :
Nombre del editor, distribuidor, etc. Servicio Nacional de Inspección y Certificación de Semillas :,
-- Sociedad Méxicana de Fitogenética,
Fecha de publicación, distribución, etc. 2000
300 ## - DESCRIPCIÓN FÍSICA
Extensión 130 p.
504 ## - NOTA DE BIBLIOGRAFÍA, ETC.
Nota de bibliografía, etc. Incluye bibliografías
590 ## - NOTA LOCAL (RLIN)
Nota local SB123.3 R43 2000
650 ## - PUNTO DE ACCESO ADICIONAL DE MATERIA--TÉRMINO DE MATERIA
Término de materia o nombre geográfico como elemento de entrada Conservación del germoplasma
Subdivisión general Legislación
-- México
9 (RLIN) 162103
650 ## - PUNTO DE ACCESO ADICIONAL DE MATERIA--TÉRMINO DE MATERIA
Término de materia o nombre geográfico como elemento de entrada Food crops
Subdivisión general Germplasm conservation
-- Mexico
9 (RLIN) 162104
650 ## - PUNTO DE ACCESO ADICIONAL DE MATERIA--TÉRMINO DE MATERIA
Término de materia o nombre geográfico como elemento de entrada Germplasm conservation
Subdivisión general Law and legislation
-- Mexico
9 (RLIN) 162105
650 ## - PUNTO DE ACCESO ADICIONAL DE MATERIA--TÉRMINO DE MATERIA
Término de materia o nombre geográfico como elemento de entrada Plant genetic resources
Subdivisión general Mexico
9 (RLIN) 162106
650 ## - PUNTO DE ACCESO ADICIONAL DE MATERIA--TÉRMINO DE MATERIA
Término de materia o nombre geográfico como elemento de entrada Plantas alimentarias para seres humanos
Subdivisión general Conservación del germoplasma
-- México
9 (RLIN) 162107
650 ## - PUNTO DE ACCESO ADICIONAL DE MATERIA--TÉRMINO DE MATERIA
Término de materia o nombre geográfico como elemento de entrada Recursos genéticos de las plantas
Subdivisión general México
9 (RLIN) 162108
700 ## - PUNTO DE ACCESO ADICIONAL--NOMBRE DE PERSONA
Nombre de persona Barrios Carrada, Lucía, comp.
9 (RLIN) 162109
700 ## - PUNTO DE ACCESO ADICIONAL--NOMBRE DE PERSONA
Nombre de persona Jímenez Juárez, Eduardo, comp.
9 (RLIN) 162110
700 ## - PUNTO DE ACCESO ADICIONAL--NOMBRE DE PERSONA
Nombre de persona Ramírez Vallejo, Porfirio, ed.
9 (RLIN) 162111
710 ## - PUNTO DE ACCESO ADICIONAL--NOMBRE DE ENTIDAD CORPORATIVA
Nombre de entidad corporativa o nombre de jurisdicción como elemento de entrada Servicio Nacional de Inspección y Certificación de Semillas (SNICS) \ Sociedad Méxicana de Fitogenética
9 (RLIN) 162112
901 ## - ELEMENTOS DE DATOS A LOCAL LDA (RLIN)
a 581.15 R43 2000
902 ## - ELEMENTOS DE DATOS B LOCAL, LDB (RLIN)
a A
905 ## - ELEMENTOS DE DATOS E LOCAL, LDE (RLIN)
a 5232272000 mx bimn8225223322spa16
942 ## - ELEMENTOS DE PUNTO DE ACCESO ADICIONAL (KOHA)
Tipo de ítem Koha Libro
Fuente del sistema de clasificación o colocación Dewey Decimal Classification
Holdings
Estado de retiro Estado de pérdida Fuente del sistema de clasificación o colocación Estado dañado No para préstamo Código de colección Localización permanente Ubicación/localización actual Fecha de adquisición Información codificada de la localización en otra ubicación Total de préstamos Signatura topográfica completa Código de barras Fecha visto por última vez Número de copia Precio válido a partir de Tipo de ítem Koha
    Dewey Decimal Classification     General Ingenieria Agroindustrial Ingenieria Agroindustrial 18/01/2022 1   581.15 R43 2000 dia_003748 18/01/2022 3 18/01/2022 Libro
    Dewey Decimal Classification     General Ingenieria Agroindustrial Ingenieria Agroindustrial 18/01/2022 1   581.15 R43 2000 dia_003702 18/01/2022 1 18/01/2022 Libro
    Dewey Decimal Classification     General Ingenieria Agroindustrial Ingenieria Agroindustrial 18/01/2022 1   581.15 R43 2000 dia_003746 18/01/2022 2 18/01/2022 Libro